000 00926nam a2200277Ia 4500
003 OSt
005 20220918171033.0
006 a|||||r|||| 00| 0
007 ta
008 220917b |||||||| |||| 00| 0 eng d
020 _a9781138093997 (pbk)
_cUKP 29.99
024 _a351,881
037 _b14175, 11/12/2019, Elite Publishers Distributors
_cTextual
040 _aARTS
_cARTS
_beng
041 _2eng
_aeng
082 _aX:87, Q9
100 _aLearmonth Mark Au.
_933405
245 0 _aCritical perspectives on leadership
_b language of corporate power
260 _aNew York
_bRoutledge USA
_c2019
300 _axiv,163p.
_ccm.
490 _aRoutledge studies in leadership research
650 _aLEADERSHIP
700 _a Morrell Kevin Au.
_933406
942 _hX:87, Q9
_cTEXL
_2CC
999 _c137450
_d137450